000 00461nam a22001817a 4500
003 3228
005 20260505113005.0
008 260505b sa ||||| |||| 00| 0 eng d
020 _a9780330485661 (Paperback)
040 _aMPL
_bEnglish
_c3228
082 0 _aEF TOIB
100 _9156559
_aTóibín Colm
245 _aThe master /
_cColm Toibin
260 _aOxford:
_bPicador;
_c2005.
300 _a359 Pages;
_c20 cm.
521 _aAdult
942 _2ddc
_cBOOK
_w162
_xElsie Maluleke
_y162
_zElsie Maluleke
999 _c797735
_d797734